Ako o nás rozhodujú algoritmy

Hoci sa najviac hovorí o algoritmoch Facebooku a Googlu, naše správanie ovplyvňuje oveľa viac skrytých algoritmov. Zbierajú o nás vstupné údaje a spracúvajú ich, aby nám ponúkli lepšie služby, alebo aby nás posúdili ako vhodného kandidáta do zamestnania či na získanie úveru. Toto všetko vybavia algo...

Ausführliche Beschreibung

Gespeichert in:
Bibliographische Detailangaben
1. Verfasser: Záborský, Ján
Format: Buchkapitel
Sprache:Slowakisch
Schlagworte:
Tags: Tag hinzufügen
Keine Tags, Fügen Sie das erste Tag hinzu!

MARC

LEADER 00000naa a2200000 4500
001 0235955
005 20170921142842.7
041 0 |a slo 
044 |a SK 
245 1 0 |a Ako o nás rozhodujú algoritmy  |c Ján Záborský 
520 |a Hoci sa najviac hovorí o algoritmoch Facebooku a Googlu, naše správanie ovplyvňuje oveľa viac skrytých algoritmov. Zbierajú o nás vstupné údaje a spracúvajú ich, aby nám ponúkli lepšie služby, alebo aby nás posúdili ako vhodného kandidáta do zamestnania či na získanie úveru. Toto všetko vybavia algoritmy bez toho, aby ste ich požiadali a len na základe údajov, ktoré už majú. Algoritmy sa stali neoddeliteľnou súčasťou obchodovania. Ak sú základom nedokonalé, či skreslené dáta, nastáva problém. 
610 2 0 |a technológie informačné 
610 2 0 |a technológie komunikačné 
610 2 0 |a algoritmy 
610 2 0 |a informácie 
610 2 0 |a dáta 
100 1 |a Záborský, Ján